Statistics for Scrambled “D” Words

Click here to take the quiz!

General Stats

  • This quiz has been taken 23 times
  • The average score is 10 of 30

Answer Stats

HintAnswer% Correct
agdemaDamage
78%
eeddcaDecade
61%
dapenmDampen
57%
ecfntduDefunct
57%
naodisurDinosaur
57%
kydoenDonkey
57%
dpuyteDeputy
52%
htderaDearth
39%
ailptmdoDiplomat
39%
evcroidDivorce
39%
yrodowaDoorway
39%
docdreeDecoder
35%
gmiaaprhdDiaphragm
35%
raaredihDiarrhea
35%
itsgigsnudDisgusting
35%
ehcsusdDuchess
35%
ghutdreaDaughter
30%
dmeintaeDementia
26%
odspkteDesktop
26%
treetnegdDetergent
26%
emyatldogroDermatology
22%
baiectidDiabetic
22%
siteandnftciDisinfectant
22%
nnfdigeeaDeafening
17%
nrcivleaeedDeliverance
17%
doenmreaDemeanor
17%
tsidiotznlbiaaeDestabilization
17%
eyhstndiosDishonesty
17%
elpngoprgaedDoppelganger
17%
grweadondDowngrade
17%

Score Distribution

Percentile by Number Answered

Percent of People with Each Score

Your Score History

You have not taken this quiz